The firts part of the history of king Henry the fourth

Збережено в:
Бібліографічні деталі
Автор: Shakespeare, William
Формат: Книга
Мова:Undetermined
Опубліковано: New York, Estados Unidos The Bobbs-Merrill Company 1967
Предмети:
Теги: Додати тег
Немає тегів, Будьте першим, хто поставить тег для цього запису!

MARC

LEADER 00000nam a2200000Ia 4500
008 170316s9999 xx 000 0 und d
040 |a cru BVZT 
090 |a 820 S-5he 
100 |a Shakespeare, William 
245 4 |a The firts part of the history of king Henry the fourth 
260 |a New York, Estados Unidos 
260 |b The Bobbs-Merrill Company 
260 |c 1967 
300 |a 176 páginas 
650 |a LITERATURA INGLESA 
999 |c 7123  |d 7123 
942 |c 15 D  |h 820 S-5he  |2 z